00331nam a2200097 a 450000500170000000800410001705000180005810000240007624500900010026000430019020140414131856.0100827s19uu xx 00 eng d aFILbB31 2009 aVillanueva, Rene O. aAng batang natutong sumunod sa magulang :bThe child who learned to obey his parents. aManila, Philippines :bLampara,c2009.